MARC

LEADER 00000nam0a2200000 4500
001 353433
005 20231102010607.0
035 |a (RuTPU)RU\TPU\retro\10690 
035 |a RU\TPU\retro\10670 
090 |a 353433 
100 |a 20200427d1970 k y0rusy50 ca 
101 0 |a rus 
102 |a RU 
105 |a a z 001zy 
200 1 |a Геолого-геохимические особенности главнейших фосфоритоносных формаций Алтае-Саянской складчатой области  |f А. С. Михайлов, А. О. Смилкстын, Н. И. Светлицкий, М. В. Суховерхова  |g Сибирский научно-исследовательский институт геологии, геофизики и минерального сырья (СНИИГГиМС) ; ред. И. В. Дербиков 
210 |a Москва  |c Недра  |d 1970 
215 |a 103 с.  |c ил. 
225 1 |a Труды Сибирского научно-исследовательского института геологии, геофизики и минерального сырья (СНИИГГиМС)  |v Вып. 48 
320 |a Библиогр.: с. 99-102 
606 1 |a Фосфориты  |x Месторождения  |2 stltpush  |3 (RuTPU)RU\TPU\subj\64183  |9 81099 
606 1 |a Геохимические исследования  |x Точность  |x Определение  |2 stltpush  |3 (RuTPU)RU\TPU\subj\6293  |9 34216 
610 1 |a фосфатонакопление 
610 1 |a типы 
610 1 |a водные растворы 
610 1 |a Алтае-Саянская складчатая область 
610 1 |a докембрий 
675 |a 553.64  |v 4 
675 |a 550.4  |v 4 
701 1 |a Михайлов  |b А. С. 
701 1 |a Смилкстын  |b А. О. 
701 1 |a Светлицкий  |b Н. И. 
701 1 |a Суховерхова  |b М. В. 
702 1 |a Дербиков  |b И. В.  |c геолог  |c профессор  |c выпускник ТПИ 1930 г., гелого-разведочный факультет  |f 1899-1969  |g Иван Васильевич  |2 stltpush  |3 (RuTPU)RU\TPU\pers\22186  |4 340  |9 9399 
712 0 2 |a Сибирский научно-исследовательский институт геологии, геофизики и минерального сырья (СНИИГГиМС)  |c (Новосибирск)  |2 stltpush  |3 (RuTPU)RU\TPU\col\322 
801 1 |a RU  |b 63413507  |c 20200422 
801 2 |a RU  |b 63413507  |c 20200512  |g RCR 
942 |c BK